| 000 | 004500000a22001810004500 | ||
|---|---|---|---|
| 003 | MACL | ||
| 005 | 20150821165647.0 | ||
| 008 | 150821b xxu||||| |||| 00| 0 eng d | ||
| 040 |
_aMACL _cMACL |
||
| 041 | _aEnglish | ||
| 082 | _a615.52/MUK | ||
| 100 |
_aPandey, D.P. _96630 |
||
| 245 | _aAyurvedic Cure For Common Diseases | ||
| 260 |
_aDelhi _bOrient Paperbacks _c1997 |
||
| 350 | _a50 | ||
| 650 |
_aMedical Science _985 |
||
| 942 |
_cBK _k615.52 _2ddc |
||
| 999 |
_c1891 _d1891 |
||